|
|
|
|
| LEADER |
01199pam a22003138a 4500 |
| 001 |
00026541 |
| 008 |
110816s2006 ||||||viesd |
| 005 |
20171026081025.0 |
| 020 |
|
|
|c 4400
|
| 041 |
0 |
# |
|a vie
|
| 082 |
1 |
4 |
|a 428
|b B103T
|
| 245 |
0 |
0 |
|a Bài tập tiếng Anh 7
|c Nguyễn Hạnh Dung ch.b, Đặng Văn Hùng, Thân Trọng Liên Nhân
|
| 250 |
# |
# |
|a Tái bản lần thứ 3
|
| 260 |
# |
# |
|a H.
|b Giáo dục
|c 2006
|
| 300 |
# |
# |
|a 108 tr.
|b hình vẽ
|c 24 cm.
|
| 650 |
# |
4 |
|a Lớp 7
|
| 650 |
# |
4 |
|a Bài tập
|
| 650 |
# |
4 |
|a Sách giáo khoa
|
| 650 |
# |
4 |
|a Tiếng Anh
|
| 700 |
1 |
# |
|a Nguyễn Hạnh Dung
|
| 700 |
1 |
# |
|a Thân Trọng Liên Nhân
|
| 700 |
1 |
# |
|a Đặng Văn Hùng
|
| 852 |
# |
# |
|b Kho giáo trình
|j KGT.0031735, KGT.0031736, KGT.0031737, KGT.0031738, KGT.0031739, KGT.0031740, KGT.0031741, KGT.0031742
|
| 852 |
# |
# |
|b Kho mượn
|j KGT.0031735
|
| 852 |
# |
# |
|b Kho đọc
|j KD.0011280
|
| 852 |
# |
# |
|j KD.0011280
|j KGT.0031735
|j KGT.0031736
|j KGT.0031738
|j KGT.0031739
|j KGT.0031741
|j KGT.0031742
|j KGT.0031737
|j KGT.0031740
|
| 910 |
|
|
|d 16/08/2011
|
| 980 |
# |
# |
|a Trung tâm Học liệu Lê Vũ Hùng, Trường Đại học Đồng Tháp
|